00381 a2200133 4500003000500000005001700005040000900022082001700031100003300048245010000081260003200181300001200213650002200225NUST20230221140606.0 cNust a297.1227,PAR aParekih Sahib, Abdul Karim  aAsaan Lughat ul Quran / آسان لغات القرآن (Urdu) /cMaulana Abdul Parikh Sahib aLahoreb Book salersc1999 a296 p.; a Lughat ul Quran